[Event "Hamburg Harburg-ch A"]
[Site "Hamburg"]
[Date "2003.06.20"]
[Round "1"]
[White "Ramme, Christoph"]
[Black "Herlan, Klaus Juergen"]
[Result "1-0"]
[WhiteElo "1881"]
[BlackElo "1919"]
[PlyCount "63"]
[EventDate "2003.06.20"]
[SourceDate "2003.01.01"]

1. e4 c5 2. Nc3 e6 3. g3 d5 4. exd5 exd5 5. d4 Be6 6. Nge2 Nc6 7. Bg2 h6 8. O-O
Nf6 9. Be3 c4 10. Re1 Bd6 11. Bf4 O-O 12. Bxd6 Qxd6 13. Nf4 Rad8 14. Qd2 Rfe8
15. a3 Qb8 16. Re3 Ng4 17. Re2 Nf6 18. Rae1 Qd6 19. Ncxd5 Bxd5 20. Rxe8+ Rxe8
21. Rxe8+ Nxe8 22. Nxd5 b5 23. Qe3 Kf8 24. c3 a5 25. Qe4 Nd8 26. Kf1 f6 27. Ne3
Nc7 28. Bh3 Nf7 29. Qf5 Ng5 30. Qc8+ Ne8 31. Bd7 Qe7 32. Nf5 1-0

[Event "Hamburg Harburg-ch A"]
[Site "Hamburg"]
[Date "2003.06.20"]
[Round "1"]
[White "Schmidt Brauns, Rainer"]
[Black "Egelriede, Nikolas"]
[Result "1/2-1/2"]
[WhiteElo "2023"]
[BlackElo "1804"]
[PlyCount "63"]
[EventDate "2003.06.20"]
[SourceDate "2003.01.01"]

1. d4 d5 2. c4 c6 3. Nf3 Nf6 4. Nc3 dxc4 5. e4 b5 6. Qc2 Bg4 7. Be3 e6 8. Be2
Be7 9. a4 b4 10. Nb1 b3 11. Qxc4 Nxe4 12. O-O O-O 13. Qxb3 Nd7 14. Qc2 Nd6 15.
Nbd2 Rc8 16. Nb3 Nf5 17. Bf4 Qb6 18. a5 Qb7 19. h3 Bxf3 20. Bxf3 Bd6 21. Bxd6
Nxd6 22. Nc5 Nxc5 23. Qxc5 Rfd8 24. Rac1 Nf5 25. a6 Qxb2 26. Qxa7 Nxd4 27. Rb1
Nxf3+ 28. gxf3 Qe2 29. Rb7 Qxf3 30. Rd7 Qf5 31. Rfd1 Qg5+ 32. Kh2 1/2-1/2

[Event "Hamburg Harburg-ch A"]
[Site "Hamburg"]
[Date "2003.06.20"]
[Round "1"]
[White "Willner, Thomas"]
[Black "Dimke, Markus"]
[Result "1-0"]
[WhiteElo "1821"]
[BlackElo "1972"]
[PlyCount "77"]
[EventDate "2003.06.20"]
[SourceDate "2003.01.01"]

1. e4 e5 2. Bc4 Nf6 3. Nf3 Nc6 4. Ng5 d5 5. exd5 Na5 6. Bb5+ c6 7. dxc6 bxc6 8.
Qf3 Bb7 9. Ba4 h6 10. Ne4 Nxe4 11. Qxe4 Bd6 12. d3 O-O 13. O-O c5 14. Qe2 Qh4
15. Nc3 e4 16. h3 f5 17. dxe4 fxe4 18. Qg4 Qxg4 19. hxg4 Rf6 20. Be3 Kh7 21.
Bd7 g6 22. Bb5 a6 23. Be2 Re6 24. Na4 Rc8 25. Rad1 c4 26. Bb6 Bc6 27. Nc3 Bb4
28. Bxa5 Bxa5 29. Bxc4 Re7 30. Bxa6 Ra8 31. Bc4 e3 32. fxe3 Rxe3 33. Rf7+ Kh8
34. Rf6 Bb7 35. Rxg6 Rg3 36. Rxh6+ Kg7 37. Rh2 Bb6+ 38. Kh1 Bxg2+ 39. Rxg2 1-0

[Event "Hamburg Harburg-ch A"]
[Site "Hamburg"]
[Date "2003.06.21"]
[Round "2"]
[White "Egelriede, Nikolas"]
[Black "Dimke, Markus"]
[Result "1-0"]
[WhiteElo "1804"]
[BlackElo "1972"]
[PlyCount "71"]
[EventDate "2003.06.20"]
[SourceDate "2003.01.01"]

1. e4 e5 2. Nf3 Nf6 3. Nc3 Bb4 4. Bc4 d6 5. Nd5 Nxd5 6. Bxd5 c6 7. Bb3 Bg4 8.
O-O O-O 9. c3 Ba5 10. d4 Nd7 11. Qd3 Kh8 12. Ng5 Qe7 13. Qg3 Nf6 14. Nxf7+ Rxf7
15. Bxf7 Qxf7 16. dxe5 dxe5 17. Qxe5 Bc7 18. Qg5 Re8 19. f3 Be6 20. Be3 Bc4 21.
Rfd1 Re5 22. Qg3 Ra5 23. Qf2 Rh5 24. g3 b6 25. Rd4 c5 26. Rd2 Rh3 27. Rad1 h5
28. Qg2 Be6 29. Bf4 Bxf4 30. gxf4 Rh4 31. f5 Bxa2 32. Rd8+ Ng8 33. R8d7 Qf6 34.
R1d6 Qe5 35. Qg3 Qxg3+ 36. hxg3 1-0

[Event "Hamburg Harburg-ch A"]
[Site "Hamburg"]
[Date "2003.06.21"]
[Round "2"]
[White "Herlan, Klaus Juergen"]
[Black "Willner, Thomas"]
[Result "1/2-1/2"]
[WhiteElo "1919"]
[BlackElo "1821"]
[PlyCount "77"]
[EventDate "2003.06.20"]
[SourceDate "2003.01.01"]

1. Nf3 b6 2. g3 Bb7 3. Bg2 e5 4. O-O e4 5. Nd4 c5 6. Nb3 d5 7. d3 exd3 8. exd3
Be7 9. c4 Bf6 10. Re1+ Ne7 11. Nc3 O-O 12. Qg4 Na6 13. a3 Nc7 14. Nd2 Rb8 15.
cxd5 Ncxd5 16. Nxd5 Bxd5 17. Ne4 Bxe4 18. dxe4 Ng6 19. Qe2 Re8 20. Rd1 Qc7 21.
f4 Bd4+ 22. Be3 Bxe3+ 23. Qxe3 f6 24. Rd2 Rbd8 25. Rad1 Rxd2 26. Qxd2 Ne7 27.
Qd3 Ng6 28. Bh3 Nf8 29. Kf2 Qe7 30. Qd5+ Kh8 31. Kf3 g6 32. Qd6 Qxe4+ 33. Kf2
f5 34. Bg2 Qe2+ 35. Kg1 Qxb2 36. Bc6 Rc8 37. Bb7 Re8 38. Bc6 Rc8 39. Bb7
1/2-1/2

[Event "Hamburg Harburg-ch A"]
[Site "Hamburg"]
[Date "2003.06.21"]
[Round "2"]
[White "Schmidt Brauns, Rainer"]
[Black "Ramme, Christoph"]
[Result "1-0"]
[WhiteElo "2023"]
[BlackElo "1881"]
[PlyCount "101"]
[EventDate "2003.06.20"]
[SourceDate "2003.01.01"]

1. d4 d6 2. c4 e5 3. dxe5 dxe5 4. Qxd8+ Kxd8 5. Nf3 f6 6. Nc3 Be6 7. e4 Nd7 8.
a3 c6 9. Be2 Bc5 10. O-O Ke8 11. Rd1 Ne7 12. b4 Bb6 13. c5 Bc7 14. Nd2 a5 15.
Bb2 b5 16. cxb6 Nxb6 17. b5 c5 18. Rac1 Kf7 19. Nd5 Nbxd5 20. exd5 Bxd5 21.
Rxc5 Bb6 22. Rcc1 Rhd8 23. Nc4 Bxc4 24. Bxc4+ Ke8 25. a4 Rxd1+ 26. Rxd1 Rd8 27.
Rxd8+ Kxd8 28. Ba3 Kd7 29. Kf1 Bc7 30. Ke2 Bd6 31. Bc1 Bc5 32. Bd2 Bb6 33. Kd3
Nc8 34. Bg8 h6 35. Kc4 Kd6 36. f3 Ne7 37. Bh7 Nd5 38. g4 Ne3+ 39. Kd3 Nd5 40.
Be4 Nf4+ 41. Kc4 Ne6 42. h4 g5 43. h5 Nc5 44. Bc2 Ne6 45. Bc1 Bc5 46. Be4 Bb6
47. Ba3+ Nc5 48. Ba8 Ba7 49. b6 Bxb6 50. Kb5 Ba7 51. Be4 1-0

[Event "Hamburg Harburg-ch A"]
[Site "Hamburg"]
[Date "2003.06.21"]
[Round "3"]
[White "Dimke, Markus"]
[Black "Herlan, Klaus Juergen"]
[Result "0-1"]
[WhiteElo "1972"]
[BlackElo "1919"]
[PlyCount "62"]
[EventDate "2003.06.20"]
[SourceDate "2003.01.01"]

1. e4 c5 2. Nc3 Nc6 3. f4 d6 4. Bc4 e6 5. Nf3 Nf6 6. d3 a6 7. a3 b5 8. Ba2 Qc7
9. O-O Be7 10. Qe1 Nd4 11. Qd2 Bb7 12. Nxd4 cxd4 13. Ne2 Rc8 14. Kh1 Qb6 15. c3
dxc3 16. bxc3 Ng4 17. h3 h5 18. d4 Nf6 19. e5 Ne4 20. Qe3 Qc6 21. Rf3 h4 22.
Bb1 Ng3+ 23. Nxg3 hxg3 24. Kg1 Rxh3 25. Ba2 Rh7 26. Rxg3 Kd7 27. Qd2 Rch8 28.
Kf1 Rh1+ 29. Ke2 Qe4+ 30. Re3 Qxg2+ 31. Kd3 Qg6+ 0-1

[Event "Hamburg Harburg-ch A"]
[Site "Hamburg"]
[Date "2003.06.21"]
[Round "3"]
[White "Ramme, Christoph"]
[Black "Egelriede, Nikolas"]
[Result "1/2-1/2"]
[WhiteElo "1881"]
[BlackElo "1804"]
[PlyCount "44"]
[EventDate "2003.06.20"]
[SourceDate "2003.01.01"]

1. e4 c6 2. d4 d5 3. exd5 cxd5 4. c4 Nf6 5. Nc3 g6 6. cxd5 Bg7 7. Bb5+ Nbd7 8.
d6 exd6 9. Qe2+ Qe7 10. Bf4 d5 11. O-O-O Qxe2 12. Bxe2 O-O 13. Bf3 Nb6 14. h3
Bf5 15. Nge2 Rac8 16. Ng3 Be4 17. Bxe4 Nxe4 18. Ngxe4 dxe4 19. Kb1 Rfd8 20.
Nxe4 Rxd4 21. Rxd4 Bxd4 22. f3 f5 1/2-1/2

[Event "Hamburg Harburg-ch A"]
[Site "Hamburg"]
[Date "2003.06.21"]
[Round "3"]
[White "Willner, Thomas"]
[Black "Schmidt Brauns, Rainer"]
[Result "1/2-1/2"]
[WhiteElo "1821"]
[BlackElo "2163"]
[PlyCount "128"]
[EventDate "2003.06.20"]
[SourceDate "2003.01.01"]

1. e4 c6 2. d4 d5 3. exd5 cxd5 4. c4 Nf6 5. Nc3 g6 6. cxd5 Nxd5 7. Qb3 Nb6 8.
Bb5+ N8d7 9. Nf3 Bg7 10. Bg5 O-O 11. O-O Nf6 12. Rfe1 Bg4 13. Ne5 Be6 14. Qd1
Nbd5 15. Be3 Rc8 16. Nxd5 Nxd5 17. Ba4 Qb6 18. Bb3 Rfd8 19. Qf3 Nxe3 20. Bxe6
Qxe6 21. Qxe3 Qd5 22. Nf3 e6 23. Red1 Rc4 24. Rd2 Bxd4 25. Qe2 e5 26. Rad1 Rdc8
27. b3 Rc1 28. Nxd4 exd4 29. Qd3 Rxd1+ 30. Rxd1 Qa5 31. Qxd4 Qxa2 32. Qd7 Qc2
33. g3 Qc7 34. Qa4 Rd8 35. Re1 a6 36. Qb4 Rd6 37. Qf4 Rd7 38. Qf6 Qd8 39. Qf3
b5 40. Kg2 Rd3 41. Re8+ Qxe8 42. Qxd3 a5 43. Qc3 a4 44. Kf1 axb3 45. Qxb3 Qc6
46. h4 Qa6 47. Ke2 b4+ 48. Kd2 Qa3 49. Kc2 Kg7 50. Qc4 h5 51. Qd4+ Kh7 52. Qc4
Qf3 53. Qd4 Qe2+ 54. Kb3 Qe1 55. Kb2 Qe7 56. Kb3 f6 57. Qxb4 Qxb4+ 58. Kxb4 g5
59. Kc4 Kg6 60. hxg5 fxg5 61. Kd3 Kf5 62. Ke2 Kg4 63. Kf1 Kf3 64. Kg1 h4
1/2-1/2

[Event "Hamburg Harburg-ch A"]
[Site "Hamburg"]
[Date "2003.06.22"]
[Round "4"]
[White "Egelriede, Nikolas"]
[Black "Herlan, Klaus Juergen"]
[Result "0-1"]
[WhiteElo "1804"]
[BlackElo "1919"]
[PlyCount "114"]
[EventDate "2003.06.20"]
[SourceDate "2003.01.01"]

1. e4 c5 2. Nf3 e6 3. d4 cxd4 4. Nxd4 a6 5. Nc3 Qc7 6. Be2 Nf6 7. Qd3 Bc5 8.
Be3 Ba7 9. O-O d6 10. Rfd1 O-O 11. Ndb5 axb5 12. Nxb5 Qa5 13. Nxa7 Rxa7 14.
Bxa7 Qxa7 15. Bf3 Ne8 16. c4 Nc6 17. Qc3 e5 18. Rd2 Nd4 19. b3 Nf6 20. Rc1 b6
21. Re1 h6 22. Bd1 Bb7 23. Bc2 Rc8 24. Bd3 Qa3 25. Qb2 Qc5 26. b4 Qc7 27. f3
Nh5 28. Rb1 Nf4 29. Bf1 Ba6 30. b5 Bb7 31. Qb4 Ra8 32. Rc1 Bc8 33. Rc3 Be6 34.
Ra3 Rb8 35. Rc3 Rc8 36. Rc1 Qe7 37. Rc3 Qg5 38. Rb2 Rd8 39. Qa3 Bh3 40. Kh1
Nde2 41. Rxe2 Nxe2 42. f4 Bxg2+ 43. Bxg2 Qxf4 44. Rf3 Qxe4 45. Qa7 Qxc4 46.
Qxb6 Rc8 47. Qxd6 Qxb5 48. Bf1 Qb1 49. Qxe5 Nc3 50. Qe7 Qxa2 51. Rxc3 Rxc3 52.
Qe8+ Kh7 53. Qe4+ g6 54. Qd4 Rc2 55. Qf4 Rf2 56. Qc4 Rxh2+ 57. Kg1 Qf2# 0-1

[Event "Hamburg Harburg-ch A"]
[Site "Hamburg"]
[Date "2003.06.22"]
[Round "4"]
[White "Ramme, Christoph"]
[Black "Willner, Thomas"]
[Result "1-0"]
[WhiteElo "2103"]
[BlackElo "1821"]
[PlyCount "99"]
[EventDate "2003.06.20"]
[SourceDate "2003.01.01"]

1. c4 c6 2. e4 d5 3. exd5 cxd5 4. d4 Nf6 5. Nc3 e6 6. Nf3 Be7 7. cxd5 Nxd5 8.
Bd3 O-O 9. O-O Nc6 10. Bc2 Ndb4 11. Bb1 Bf6 12. a3 Nd5 13. Ne4 h6 14. Qd3 Re8
15. Nxf6+ Qxf6 16. Re1 Bd7 17. Ne5 Rad8 18. Bd2 Kf8 19. Ba2 Bc8 20. Qe4 Kg8 21.
Rac1 Nde7 22. Bc3 Qf5 23. Qh4 Ng6 24. Nxg6 Qxg6 25. Bb1 Qg5 26. Qe4 g6 27. Rcd1
Qe7 28. Ba2 Kh7 29. Qe3 Qf8 30. Bb1 Ne7 31. Bb4 Qg7 32. Bc3 Nd5 33. Qe4 Bd7 34.
Ba5 Rc8 35. Qe5 Bc6 36. Rd3 Ne7 37. Rh3 Bd5 38. Bd2 Ng8 39. Qe3 Rc6 40. Bc3
Rcc8 41. Qd3 Nf6 42. Bd2 Rc6 43. Bxh6 Qg8 44. Bf4+ (44. Bf8+ Nh5 45. Rxh5#)
44... Kg7 45. Be5 Rec8 46. Qe3 g5 47. Rg3 Qd8 48. Qxg5+ Kf8 49. Bxf6 Qc7 50.
Qg8# 1-0

[Event "Hamburg Harburg-ch A"]
[Site "Hamburg"]
[Date "2003.06.22"]
[Round "4"]
[White "Schmidt Brauns, Rainer"]
[Black "Dimke, Markus"]
[Result "1/2-1/2"]
[WhiteElo "2163"]
[BlackElo "2113"]
[PlyCount "83"]
[EventDate "2003.06.20"]
[SourceDate "2003.01.01"]

1. d4 Nf6 2. c4 g6 3. Nc3 d5 4. Nf3 Bg7 5. Qb3 dxc4 6. Qxc4 Be6 7. Qb5+ Bd7 8.
Qxb7 Nc6 9. Bf4 Rb8 10. Qxc7 Qxc7 11. Bxc7 Rxb2 12. e3 O-O 13. a3 Rc8 14. Nd1
Rc2 15. Bg3 Na5 16. Bd3 Rc1 17. Rxc1 Rxc1 18. O-O Ra1 19. Ne5 Rxa3 20. Nb2 Be6
21. Nbc4 Rxd3 22. Nxa5 Ra3 23. Nec6 Bf8 24. h3 Bd5 25. Rb1 Ne4 26. Bb8 a6 27.
f3 Nc3 28. Re1 e6 29. e4 Bxc6 30. Nxc6 a5 31. d5 exd5 32. exd5 Bc5+ 33. Kh2
Nxd5 34. Re5 Rd3 35. Nxa5 Bf2 36. Nc6 Ne3 37. Re8+ Kg7 38. Rd8 Nf1+ 39. Kh1
Rxd8 40. Nxd8 Ng3+ 41. Kh2 Nf1+ 42. Kh1 1/2-1/2

[Event "Hamburg Harburg-ch A"]
[Site "Hamburg"]
[Date "2003.06.22"]
[Round "5"]
[White "Dimke, Markus"]
[Black "Ramme, Christoph"]
[Result "0-1"]
[WhiteElo "2113"]
[BlackElo "2103"]
[PlyCount "102"]
[EventDate "2003.06.20"]
[SourceDate "2003.01.01"]

1. e4 c6 2. d4 d5 3. f3 dxe4 4. fxe4 e5 5. Nf3 exd4 6. Bc4 Be7 7. O-O Nf6 8.
Ng5 O-O 9. Nxf7 Qa5 10. Ng5+ Kh8 11. Nf7+ Kg8 12. Ng5+ Kh8 13. Bf4 Na6 14. Nd2
Bg4 15. Qe1 Bh5 16. h3 Nc5 17. e5 Nd5 18. Bxd5 Rxf4 19. Nf7+ Bxf7 20. Bxf7
Rxf1+ 21. Nxf1 Qxe1 22. Rxe1 Rd8 23. Rd1 Nd7 24. e6 Nc5 25. Ng3 g6 26. Ne2 d3
27. cxd3 Rxd3 28. Rxd3 Nxd3 29. b3 Kg7 30. g4 Ne5 31. Be8 Kf6 32. Kg2 Kxe6 33.
Nf4+ Kd6 34. Kg3 Kc5 35. h4 Kb4 36. h5 gxh5 37. gxh5 Ka3 38. h6 Kxa2 39. Ne6
Kxb3 40. Kf4 Nc4 41. Bf7 a5 42. Bg8 Nd6 43. Ng5+ Kb2 44. Nxh7 b5 45. Ke5 Nc4+
46. Ke6 Bb4 47. Nf6 Bf8 48. h7 Bg7 49. Nd7 a4 50. Nc5 a3 51. Nd3+ Kb1 0-1

[Event "Hamburg Harburg-ch A"]
[Site "Hamburg"]
[Date "2003.06.22"]
[Round "5"]
[White "Herlan, Klaus Juergen"]
[Black "Schmidt Brauns, Rainer"]
[Result "0-1"]
[WhiteElo "1919"]
[BlackElo "2163"]
[PlyCount "82"]
[EventDate "2003.06.20"]
[SourceDate "2003.01.01"]

1. d4 d5 2. Nf3 Nf6 3. Bg5 Ne4 4. Bf4 c5 5. e3 Nc6 6. dxc5 e6 7. Nbd2 g5 8. Bg3
Nxg3 9. hxg3 Bxc5 10. Nb3 Bb6 11. Bb5 Bd7 12. c3 Qf6 13. a4 a6 14. Bd3 h5 15.
a5 Ba7 16. Qe2 g4 17. Nfd2 Ne5 18. c4 Nxd3+ 19. Qxd3 dxc4 20. Nxc4 Bc6 21.
O-O-O Rd8 22. Qxd8+ Qxd8 23. Rxd8+ Kxd8 24. Ne5 Kc7 25. Nxc6 Kxc6 26. Kc2 Kb5
27. Nd2 Bc5 28. Ne4 Be7 29. Rd1 Kc6 30. Kb3 Rd8 31. Rc1+ Kd7 32. Rh1 f5 33. Nd2
Rh8 34. Nc4 Bf6 35. Rd1+ Kc7 36. Kb4 h4 37. gxh4 Rxh4 38. g3 Rh8 39. b3 Rd8 40.
Rxd8 Kxd8 41. Nd6 Be7 0-1

[Event "Hamburg Harburg-ch A"]
[Site "Hamburg"]
[Date "2003.06.22"]
[Round "5"]
[White "Willner, Thomas"]
[Black "Egelriede, Nikolas"]
[Result "1-0"]
[WhiteElo "1821"]
[BlackElo "1804"]
[PlyCount "89"]
[EventDate "2003.06.20"]
[SourceDate "2003.01.01"]

1. e4 c6 2. d4 d5 3. exd5 cxd5 4. c4 Nf6 5. Nc3 g6 6. cxd5 Bg7 7. Bc4 O-O 8.
Be3 Nbd7 9. Nf3 Nb6 10. Qb3 Bf5 11. O-O Rc8 12. Ne5 Nxc4 13. Nxc4 Bd3 14. Nd2
Bxf1 15. Rxf1 Qc7 16. g3 Rfd8 17. Nb5 Qd7 18. d6 exd6 19. Nxa7 Ra8 20. d5 Ng4
21. Bb6 Re8 22. Nc4 Ne5 23. Rc1 Nxc4 24. Rxc4 Re2 25. Rc2 Rae8 26. Be3 Rxc2 27.
Qxc2 Qg4 28. Qb3 Qe2 29. Nb5 Qxb2 30. Nxd6 Qxb3 31. axb3 Re7 32. Bc5 Rd7 33.
Nc8 Bf8 34. d6 f5 35. Nb6 Rd8 36. Nc4 b5 37. Na3 Bxd6 38. Bxd6 Rxd6 39. Nxb5
Rb6 40. Nd4 Rb4 41. Ne6 Rxb3 42. h4 Rb2 43. Kg2 Re2 44. Nf4 Kf7 45. Nxe2 1-0

[Event "Hamburg Harburg-ch B"]
[Site "Hamburg"]
[Date "2003.06.20"]
[Round "1"]
[White "Dahle, Gerhard"]
[Black "Wolkenhauer, Dennis"]
[Result "1/2-1/2"]
[WhiteElo "1743"]
[BlackElo "1580"]
[PlyCount "124"]
[EventDate "2003.06.20"]
[SourceDate "2003.01.01"]

1. e4 c5 2. Nc3 d6 3. g3 Nc6 4. Bg2 e6 5. d3 Be7 6. f4 Nf6 7. Nf3 Nd7 8. O-O
O-O 9. Be3 Nb6 10. Kh1 d5 11. Bg1 d4 12. Ne2 f5 13. Qd2 fxe4 14. dxe4 Nc4 15.
Qc1 b5 16. b3 Nb6 17. Qd2 Bb7 18. Rae1 a5 19. Nc1 a4 20. Nd3 Bd6 21. Ng5 Qd7
22. e5 Be7 23. Ne4 Nb4 24. Nxb4 cxb4 25. Qxd4 Qxd4 26. Bxd4 Nd5 27. Nd6 Bc6 28.
Kg1 axb3 29. axb3 Ra2 30. Rf2 Rfa8 31. Bc5 Ra1 32. Rff1 Rxe1 33. Rxe1 Ra2 34.
Be4 g6 35. Kf2 Kf8 36. Kf3 Ba8 37. g4 Nc7 38. Bxa8 Nxa8 39. Re2 Nc7 40. Bxb4
Nd5 41. Bc5 Nc3 42. Rg2 Bxd6 43. Bxd6+ Kf7 44. Bc5 Nd5 45. Rd2 h5 46. h3 h4 47.
Bf2 Nb4 48. Bxh4 Rxc2 49. Rxc2 Nxc2 50. Bf2 b4 51. h4 Na1 52. Bc5 Nxb3 53. Bxb4
Nd4+ 54. Ke4 Nc6 55. Ba3 Nd8 56. f5 gxf5+ 57. gxf5 exf5+ 58. Kxf5 Ne6 59. Bb4
Ng7+ 60. Ke4 Ke6 61. Bd6 Nf5 62. Kf4 Nxh4 1/2-1/2

[Event "Hamburg Harburg-ch B"]
[Site "Hamburg"]
[Date "2003.06.20"]
[Round "1"]
[White "Scheuer, Christian"]
[Black "Hamann, Marcus"]
[Result "1-0"]
[WhiteElo "1718"]
[BlackElo "1534"]
[PlyCount "55"]
[EventDate "2003.06.20"]
[SourceDate "2003.01.01"]

1. e4 c5 2. Nf3 d6 3. d4 cxd4 4. Nxd4 a6 5. Be3 g6 6. Nc3 Bg7 7. Qd2 Nc6 8.
O-O-O Bd7 9. h4 h5 10. f3 b5 11. g4 Ne5 12. gxh5 Rxh5 13. f4 Ng4 14. Bg1 Bh6
15. Nf3 Qa5 16. Kb1 Be6 17. Ng5 Bg7 18. e5 Rc8 19. Nxe6 fxe6 20. Be2 N8h6 21.
Qd3 Rf5 22. Ne4 Rc4 23. Ng5 Rcxf4 24. exd6 exd6 25. Qxd6 Rxg5 26. Qxe6+ Kf8 27.
hxg5 Rb4 28. Bc5# 1-0

[Event "Hamburg Harburg-ch B"]
[Site "Hamburg"]
[Date "2003.06.20"]
[Round "1"]
[White "Westerbeck, Thorsten"]
[Black "Schroeder, Kai Uwe"]
[Result "0-1"]
[WhiteElo "1538"]
[BlackElo "1663"]
[PlyCount "80"]
[EventDate "2003.06.20"]
[SourceDate "2003.01.01"]

1. Nf3 e6 2. g3 d5 3. Bg2 Nf6 4. O-O Bd6 5. d3 O-O 6. Nbd2 c5 7. e4 e5 8. exd5
Nxd5 9. Nc4 Nc6 10. Ng5 Be7 11. Ne4 Be6 12. Bd2 Rc8 13. Re1 b5 14. Ne3 Qd7 15.
Nxd5 Bxd5 16. Be3 Nd4 17. Bxd4 cxd4 18. a3 Rc7 19. Rc1 Rfc8 20. Qh5 f6 21. Bh3
Be6 22. Bxe6+ Qxe6 23. c3 b4 24. c4 bxa3 25. bxa3 Bxa3 26. Rb1 a5 27. Rb3 Bb4
28. Reb1 Qe7 29. Qe2 Rb7 30. Qa2 Rcb8 31. f3 Kf8 32. Kg2 f5 33. Nf2 Qd7 34. Kf1
Qc6 35. Qe2 a4 36. R3b2 Bd6 37. Nd1 a3 38. Rxb7 Rxb7 39. Rxb7 Qxb7 40. Qc2
Qxf3+ 0-1

[Event "Hamburg Harburg-ch B"]
[Site "Hamburg"]
[Date "2003.06.21"]
[Round "2"]
[White "Hamann, Marcus"]
[Black "Wolkenhauer, Dennis"]
[Result "0-1"]
[WhiteElo "1534"]
[BlackElo "1580"]
[PlyCount "64"]
[EventDate "2003.06.20"]
[SourceDate "2003.01.01"]

1. e4 c5 2. Nf3 d6 3. c3 Nf6 4. e5 dxe5 5. Nxe5 Nbd7 6. Bb5 a6 7. Qb3 e6 8.
Bxd7+ Nxd7 9. Nf3 b5 10. O-O Bb7 11. Qd1 Bd6 12. d3 Qf6 13. Nbd2 Ne5 14. Nxe5
Qxe5 15. g3 Qd5 16. Ne4 O-O 17. f3 Rad8 18. Be3 Be7 19. d4 cxd4 20. Bxd4 f5 21.
Nd2 e5 22. Be3 Bc5 23. Bxc5 Qxc5+ 24. Rf2 e4 25. Qb3+ Bd5 26. c4 bxc4 27. Nxc4
Bxc4 28. Qc2 e3 29. Re2 Rd2 30. Qc3 Rxe2 31. Rc1 Rd8 32. b3 Rxa2 0-1

[Event "Hamburg Harburg-ch B"]
[Site "Hamburg"]
[Date "2003.06.21"]
[Round "2"]
[White "Scheuer, Christian"]
[Black "Westerbeck, Thorsten"]
[Result "1-0"]
[WhiteElo "1718"]
[BlackElo "1538"]
[PlyCount "36"]
[EventDate "2003.06.20"]
[SourceDate "2003.01.01"]

1. e4 e5 2. Nf3 Nf6 3. Nxe5 d6 4. Nf3 Nxe4 5. d4 d5 6. Bd3 Be7 7. O-O Nc6 8. c4
Nf6 9. Nc3 Bg4 10. Be3 Qd7 11. c5 a6 12. a3 O-O 13. Be2 Qf5 14. h3 Bxf3 15.
Bxf3 Ne4 16. Bg4 Qf6 17. Nxd5 Qh4 18. Kh2 f5 1-0

[Event "Hamburg Harburg-ch B"]
[Site "Hamburg"]
[Date "2003.06.21"]
[Round "2"]
[White "Schroeder, Kai Uwe"]
[Black "Dahle, Gerhard"]
[Result "1/2-1/2"]
[WhiteElo "1663"]
[BlackElo "1743"]
[PlyCount "53"]
[EventDate "2003.06.20"]
[SourceDate "2003.01.01"]

1. e4 e5 2. Nf3 Nc6 3. Bb5 a6 4. Bxc6 dxc6 5. Nc3 Qd6 6. d4 exd4 7. Qxd4 Ne7 8.
O-O Ng6 9. e5 Qxd4 10. Nxd4 c5 11. Nb3 Bf5 12. Nd5 O-O-O 13. Ne3 Be4 14. f4 b6
15. Nd2 Bc6 16. c4 h5 17. Nf5 h4 18. Nb3 Rh5 19. Ne3 h3 20. g3 f6 21. exf6 gxf6
22. Rd1 Rxd1+ 23. Nxd1 Rh7 24. Ne3 Ne7 25. Bd2 f5 26. Re1 Kd7 27. Nd1 1/2-1/2

[Event "Hamburg Harburg-ch B"]
[Site "Hamburg"]
[Date "2003.06.21"]
[Round "3"]
[White "Dahle, Gerhard"]
[Black "Scheuer, Christian"]
[Result "0-1"]
[WhiteElo "1743"]
[BlackElo "1718"]
[PlyCount "64"]
[EventDate "2003.06.20"]
[SourceDate "2003.01.01"]

1. e4 c5 2. Nc3 Nc6 3. g3 g6 4. Bg2 Bg7 5. d3 d6 6. f4 e6 7. Nf3 Nge7 8. O-O
O-O 9. Be3 Nd4 10. Qd2 Nec6 11. Rae1 Rb8 12. Nd1 Qc7 13. c3 Nxf3+ 14. Rxf3 f5
15. Nf2 b5 16. Nd1 b4 17. c4 Nd4 18. Rff1 Bb7 19. h3 Qa5 20. b3 Qc7 21. g4 a5
22. g5 Ra8 23. h4 a4 24. bxa4 Rxa4 25. Kh1 Rfa8 26. Rf2 Qa5 27. Bxd4 Bxd4 28.
Rfe2 Rxa2 29. Qxa2 Qxa2 30. Rxa2 Rxa2 31. Kh2 b3 32. Kg3 b2 0-1

[Event "Hamburg Harburg-ch B"]
[Site "Hamburg"]
[Date "2003.06.21"]
[Round "3"]
[White "Westerbeck, Thorsten"]
[Black "Hamann, Marcus"]
[Result "1-0"]
[WhiteElo "1538"]
[BlackElo "1534"]
[PlyCount "61"]
[EventDate "2003.06.20"]
[SourceDate "2003.01.01"]

1. Nf3 Nf6 2. g3 g6 3. Bg2 c6 4. d3 Bg7 5. O-O d5 6. Nbd2 O-O 7. e4 dxe4 8.
dxe4 Qc7 9. Qe2 Bg4 10. h3 Bxf3 11. Nxf3 Nbd7 12. c3 Rfd8 13. e5 Nd5 14. e6
N7f6 15. exf7+ Kf8 16. Ng5 Qb6 17. Ne6+ Kxf7 18. Nxd8+ Rxd8 19. Re1 Qc7 20. Bg5
Rd6 21. Rad1 h6 22. Bxf6 Bxf6 23. Qc4 e6 24. Bxd5 exd5 25. Qf4 Kg7 26. Re6 Be7
27. Qe5+ Kf7 28. Re1 Rd7 29. Qh8 h5 30. Qh7+ Kf8 31. Rxg6 1-0

[Event "Hamburg Harburg-ch B"]
[Site "Hamburg"]
[Date "2003.06.21"]
[Round "3"]
[White "Wolkenhauer, Dennis"]
[Black "Schroeder, Kai Uwe"]
[Result "1-0"]
[WhiteElo "1580"]
[BlackElo "1663"]
[PlyCount "75"]
[EventDate "2003.06.20"]
[SourceDate "2003.01.01"]

1. d4 e6 2. c4 d5 3. Nc3 a6 4. e3 dxc4 5. Bxc4 b5 6. Bb3 Bb7 7. Nf3 c5 8. dxc5
Qxd1+ 9. Bxd1 Bxc5 10. O-O Nf6 11. Ne5 Nbd7 12. Bf3 Bxf3 13. Nxf3 O-O 14. a3
Rfd8 15. b4 Be7 16. Bb2 Nb6 17. Ne5 Rac8 18. Rfd1 Kf8 19. Rxd8+ Bxd8 20. a4 Bc7
21. Nd3 bxa4 22. Nxa4 Ra8 23. Nxb6 Bxb6 24. Nc5 Bxc5 25. bxc5 Ke7 26. Rc1 Kd7
27. c6+ Kd6 28. f4 Kc7 29. Be5+ Kc8 30. Rd1 Ne8 31. Rd7 f6 32. Bd4 Rb8 33. Re7
Kd8 34. Ra7 Nc7 35. Bc5 Ra8 36. Rb7 Nb5 37. Rxg7 Rc8 38. Bb6+ 1-0

[Event "Hamburg Harburg-ch B"]
[Site "Hamburg"]
[Date "2003.06.22"]
[Round "4"]
[White "Hamann, Marcus"]
[Black "Schroeder, Kai Uwe"]
[Result "0-1"]
[WhiteElo "1534"]
[BlackElo "1663"]
[PlyCount "40"]
[EventDate "2003.06.20"]
[SourceDate "2003.01.01"]

1. e4 e6 2. Nc3 d5 3. exd5 exd5 4. d4 Nf6 5. Be3 Bd6 6. Be2 c6 7. a3 Bf5 8. Qd2
Nbd7 9. O-O-O O-O 10. h3 b5 11. Na2 Ne4 12. Qe1 a5 13. Bd3 Qb6 14. c3 Rfb8 15.
Bxe4 Bxe4 16. f3 Bg6 17. Kd2 b4 18. axb4 axb4 19. Nxb4 Bxb4 20. cxb4 Qb5 0-1

[Event "Hamburg Harburg-ch B"]
[Site "Hamburg"]
[Date "2003.06.22"]
[Round "4"]
[White "Scheuer, Christian"]
[Black "Wolkenhauer, Dennis"]
[Result "1/2-1/2"]
[WhiteElo "1718"]
[BlackElo "1580"]
[PlyCount "57"]
[EventDate "2003.06.20"]
[SourceDate "2003.01.01"]

1. e4 c5 2. Nf3 d6 3. d4 cxd4 4. Nxd4 Nf6 5. Nc3 a6 6. Be3 e5 7. Nb3 Be6 8. Qd2
Be7 9. f3 d5 10. exd5 Nxd5 11. Nxd5 Qxd5 12. O-O-O Qxd2+ 13. Rxd2 O-O 14. Bd3
f5 15. Rhd1 Nc6 16. Nc5 Bxc5 17. Bxc5 Rfd8 18. Bb6 Rdc8 19. a3 Ne7 20. Be2 Kf7
21. Kb1 Rc6 22. Rd6 Rac8 23. Rxc6 Rxc6 24. Ba5 Nd5 25. Bd2 b5 26. Bd3 Nf6 27.
Re1 Rc5 28. b3 Rd5 29. Bc3 1/2-1/2

[Event "Hamburg Harburg-ch B"]
[Site "Hamburg"]
[Date "2003.06.22"]
[Round "4"]
[White "Westerbeck, Thorsten"]
[Black "Dahle, Gerhard"]
[Result "0-1"]
[WhiteElo "1538"]
[BlackElo "1743"]
[PlyCount "82"]
[EventDate "2003.06.20"]
[SourceDate "2003.01.01"]

1. Nf3 d5 2. g3 Nf6 3. Bg2 Bf5 4. d3 e6 5. O-O Be7 6. Nbd2 c6 7. Re1 h6 8. e4
dxe4 9. Nh4 Bg4 10. f3 exf3 11. Nhxf3 O-O 12. Ne4 Nbd7 13. Nf2 Bh5 14. Bf4 Nd5
15. Qd2 Nxf4 16. Qxf4 Nf6 17. Ne5 Bd6 18. Qd4 Bxe5 19. Qxe5 Qb6 20. h3 Rad8 21.
Kf1 Qd4 22. Bh1 Qxe5 23. Rxe5 Bg6 24. Rae1 Nd5 25. Bxd5 Rxd5 26. Rxd5 cxd5 27.
c3 Rc8 28. d4 Kf8 29. Ng4 Bf5 30. Nf2 Ke7 31. Kg2 Kd6 32. Kf3 f6 33. g4 Bc2 34.
Re2 Bh7 35. h4 e5 36. Ke3 e4 37. Nh3 g6 38. Nf4 f5 39. Rg2 g5 40. hxg5 hxg5 41.
Nh5 f4+ 0-1